000
00240cam a2200097ua 4500
100
_a
Ramachandran, M.K. .
245
0
0
_a
Thapo bhumi utharakhand /
_c
M. K. Ramachandran.
_h
Textual Documents
300
_a
; .
504
_a
999
_c
13575
_d
13575